000 00405nam a2200145Ia 4500
008 231129s2004||||xx |||||||||||||| ||spa||
020 _a958-9228-83-6
040 _bspa
082 _a986.23 M527p
100 _aMeléndez Sánchez Jorge
245 0 _aLucio Pabón: El nacionalismo católico en Colombia
260 _c2004
264 _aEl Búho
942 _2ddc
_cBKS
999 _c20157
_d20157